Statistiques concernant Expressions de la langue française utilisant le mot cheveu(x)

Cliquez ici pour prendre le quiz!

Statistiques générales

  • Ce quiz a été pris 170 fois
  • Le résultat moyen est 9 sur 12

Statistiques - réponses

ExpressionMot manquant% Correct
zozoter : avoir un cheveu sur la ...langue
98%
horrifier : faire dresser les cheveux sur la ....tête
96%
être furieux : s'.... les cheveuxarracher
91%
très approximatif : c'est ... par les cheveuxtiré
90%
pâtes italiennes :cheveux d'.....ange
89%
arriver par hasard, comme un cheveu sur la ....soupe
87%
pinailler :couper les cheveux en ....quatre
80%
s'inquiéter : se faire des cheveux ....blancs
79%
a trop bu : a .... aux cheveuxmal
70%
cheveux mal coiffés, en ....bataille
64%
cheveux coupés courts , en ....brosse
44%
saisir l'occasion, la .... par les cheveuxchance
9%

Distribution des résultats

Percentile par nombre de réponses

% des personnes avec chaque résultat

Votre développement - résultats

Vous n’avez pas pris ce quiz